[Event "Sheki op-A"]
[Site "Sheki"]
[Date "2025.06.25"]
[Round "9"]
[White "Rustamov, Rustam"]
[Black "Alizada, Pasham"]
[Result "1-0"]
[WhiteElo "2334"]
[BlackElo "2227"]
[PlyCount "101"]
[EventDate "2025.06.19"]
[EventType "swiss"]
[EventRounds "9"]
[EventCountry "AZE"]
[SourceTitle "CB27_2025"]
[SourceDate "2025.07.02"]
[SourceVersion "1"]
[SourceVersionDate "2025.07.02"]
[SourceQuality "1"]

1. e4 e6 2. d4 d5 3. Nc3 Be7 4. Bd3 c5 5. exd5 exd5 6. dxc5 Nf6 7. Nf3 0-0 8. 0-0 Nbd7 9. h3 Nxc5 10. Ne2 Nfe4 11. c3 Bf5 12. Bc2 Qb6 13. Nf4 Be6 14. Nxd5 Bxd5 15. Qxd5 Rad8 16. Qc4 Nd6 17. Qe2 Rfe8 18. Be3 Qc7 19. Rfd1 b5 20. Nd2 Ne6 21. Qf3 b4 22. Bb3 Bf6 23. Bxe6 bxc3 24. bxc3 fxe6 25. Ne4 Nxe4 26. Rxd8 Qxd8 27. Qxe4 Bxc3 28. Rc1 Bf6 29. Qa4 Re7 30. Rd1 Qc8 31. Qe4 Rc7 32. Rd6 Kf7 33. g3 h6 34. Qa4 Kg8 35. Qa6 Rb7 36. Kh2 e5 37. Rc6 Qd7 38. Qc4+ Qf7 39. Rc8+ Kh7 40. Qe4+ g6 41. Rf8 Qxf8 42. Qxb7+ Qe7 43. Qxa7 e4 44. a4 Qxa7 45. Bxa7 Bd8 46. Kg2 Kg8 47. Be3 h5 48. Bd2 Kf7 49. a5 Ke6 50. a6 Bb6 51. Be3 1-0

[Event "Sheki op-A"]
[Site "Sheki"]
[Date "2025.06.23"]
[Round "7"]
[White "Rustamov, Rustam"]
[Black "Garakhanov, Shamsi"]
[Result "1-0"]
[WhiteElo "2334"]
[BlackElo "2110"]
[PlyCount "149"]
[EventDate "2025.06.19"]
[EventType "swiss"]
[EventRounds "9"]
[EventCountry "AZE"]
[SourceTitle "CB27_2025"]
[SourceDate "2025.07.02"]
[SourceVersion "1"]
[SourceVersionDate "2025.07.02"]
[SourceQuality "1"]

1. e4 c5 2. Nf3 d6 3. d4 cxd4 4. Nxd4 Nf6 5. Nc3 a6 6. Nb3 e6 7. Be2 Nc6 8. a4 Be7 9. 0-0 b6 10. Nd4 Bb7 11. Nxc6 Bxc6 12. Bd3 0-0 13. Qf3 Nd7 14. Rd1 Bg5 15. Bxg5 Qxg5 16. Be2 Ne5 17. Qg3 Qe7 18. Qe3 Rfd8 19. Rab1 Nd7 20. Qd4 Nc5 21. Ra1 a5 22. Qe3 h6 23. Rd2 Qb7 24. Bf3 Qe7 25. b3 Ra7 26. Rad1 Rad7 27. g3 Qg5 28. Qe2 Qf6 29. Qe3 Qg5 30. Qxg5 hxg5 31. Bg2 Kf8 32. h3 Ke7 33. Re1 Kf8 34. Bf1 f6 35. Bg2 Rc7 36. f4 gxf4 37. gxf4 Be8 38. Ne2 Ke7 39. Bf3 g6 40. Kf2 Bc6 41. Nd4 e5 42. Nxc6+ Rxc6 43. f5 g5 44. h4 gxh4 45. Rg1 Rf8 46. Rg4 Rf7 47. Rxh4 Rc8 48. Rh1 Rg7 49. Ke3 Nb7 50. Kf2 Nc5 51. Rh4 Na6 52. Be2 Nc5 53. Bc4 Nd7 54. Kf3 Nf8 55. Rdh2 Rc7 56. Rh8 Rd7 57. R2h3 Rc7 58. Ke3 Rd7 59. Kd3 Rc7 60. Rh2 Rg3+ 61. Kd2 Rg7 62. Kc1 Rg4 63. Bd5 Rg1+ 64. Kb2 Rg7 65. R8h3 Ke8 66. Rd2 Rh7 67. Rhd3 Rh4 68. Rg3 Rhh7 69. Bc4 Ke7 70. Rgd3 Rh4 71. Rxd6 Rb7 72. Rc6 Rxe4 73. Rg2 Rb8 74. Rg7+ Ke8 75. Bb5 1-0

[Event "Titled Tuesday intern op 03rd Jan Late"]
[Site "Chess.com INT"]
[Date "2025.06.03"]
[Round "7"]
[White "Rustamov, Rustam"]
[Black "Panin, Mikhail"]
[Result "0-1"]
[WhiteElo "2323"]
[BlackElo "2262"]
[PlyCount "104"]
[EventDate "2025.06.03"]
[EventType "swiss (blitz)"]
[EventRounds "11"]
[EventCountry "USA"]
[SourceTitle "CB24_2025"]
[SourceDate "2025.06.11"]
[SourceVersion "1"]
[SourceVersionDate "2025.06.11"]
[SourceQuality "1"]

1. e4 g6 2. d4 Bg7 3. Nc3 d6 4. Nf3 a6 5. a4 b6 6. Bc4 e6 7. h4 h6 8. Be3 Ne7 9. Qe2 Nd7 10. g4 Bb7 11. Bb3 Nf6 12. Nd2 h5 13. g5 Ng4 14. Rg1 c5 15. dxc5 bxc5 16. 0-0-0 Nxe3 17. fxe3 Qc7 18. Rgf1 0-0 19. Qg2 Nc6 20. Qh3 Ne5 21. Nc4 Rad8 22. Rf2 Ng4 23. Rfd2 Be5 24. Nxe5 Nxe5 25. Qg3 c4 26. Ba2 Qc5 27. Rd4 Rd7 28. Ne2 Rfd8 29. Nc3 Bc6 30. Qf2 Qb4 31. Kd2 Bxa4 32. Rb1 Bb5 33. Ke1 Nc6 34. Rdd1 Qc5 35. Ne2 Nb4 36. Nd4 Nxa2 37. c3 Ba4 38. Rd2 Qe5 39. Ra1 Bb3 40. Qf3 a5 41. Rf2 a4 42. Kd2 a3 43. bxa3 Ra7 44. Raf1 Rdd7 45. Nc6 Qxc3+ 46. Ke2 Nc1+ 47. Rxc1 Qxc1 48. Rf1 Qc2+ 49. Ke1 Rxa3 50. Qf6 Qd1+ 51. Kf2 Ra2+ 52. Kg3 Qg4# 0-1

[Event "Titled Tuesday intern op 03rd Jan Late"]
[Site "Chess.com INT"]
[Date "2025.06.03"]
[Round "1"]
[White "Rustamov, Rustam"]
[Black "Vasenev, Sergey"]
[Result "1-0"]
[WhiteElo "2323"]
[BlackElo "2283"]
[PlyCount "33"]
[EventDate "2025.06.03"]
[EventType "swiss (blitz)"]
[EventRounds "11"]
[EventCountry "USA"]
[SourceTitle "CB24_2025"]
[SourceDate "2025.06.11"]
[SourceVersion "1"]
[SourceVersionDate "2025.06.11"]
[SourceQuality "1"]

1. e4 e5 2. Nf3 Nc6 3. Bb5 Nf6 4. 0-0 Nxe4 5. Re1 Nd6 6. Nxe5 Nxe5 7. Rxe5+ Be7 8. Bf1 0-0 9. d4 Bf6 10. Bd3 g6 11. Nc3 Re8 12. Bf4 a6 13. Nd5 Bxe5 14. dxe5 c6 15. Nf6+ Kh8 16. Qg4 Rg8 17. Nxg8 1-0

[Event "Baku op-A"]
[Site "Baku"]
[Date "2025.04.28"]
[Round "1"]
[White "Iskandarov, Misratdin"]
[Black "Rustamov, Rustam"]
[Result "1-0"]
[WhiteElo "2528"]
[BlackElo "2323"]
[PlyCount "157"]
[EventDate "2025.04.28"]
[EventType "swiss"]
[EventRounds "9"]
[EventCountry "AZE"]
[SourceTitle "CB19_2025"]
[SourceDate "2025.05.07"]
[SourceVersion "1"]
[SourceVersionDate "2025.05.07"]
[SourceQuality "1"]

1. e4 c5 2. Nf3 d6 3. c3 Nf6 4. h3 g6 5. Bd3 Bg7 6. Bc2 0-0 7. d4 cxd4 8. cxd4 Nc6 9. Nc3 e5 10. d5 Nd4 11. Be3 Nxc2+ 12. Qxc2 Bd7 13. a4 Nh5 14. Nb5 Bxb5 15. axb5 Qd7 16. b6 axb6 17. 0-0 Nf4 18. Rxa8 Rxa8 19. Rc1 h6 20. Kh2 g5 21. Qc7 Qxc7 22. Rxc7 f5 23. Nd2 fxe4 24. Rd7 Nxd5 25. Rxd6 Nxe3 26. fxe3 Ra6 27. Kg3 Bf8 28. Rd7 Ra2 29. Nxe4 Bg7 30. Kg4 Rxb2 31. Kf5 Rc2 32. Rxb7 Rc6 33. Rd7 Kh7 34. Nd6 Kg8 35. g4 e4 36. Nxe4 Kh7 37. Nd6 Rc5+ 38. Ke4 Re5+ 39. Kf3 Kg8 40. Nc4 Re6 41. Rb7 Rf6+ 42. Ke2 Rc6 43. Kd3 Rf6 44. Ke4 Rf1 45. Nxb6 Rb1 46. Rb8+ Kh7 47. Nd7 Rh1 48. Rb7 Kg6 49. Nc5 Kf6 50. Nd3 Kg6 51. Rb6+ Kh7 52. Nf2 Ra1 53. Kf3 Ra3 54. Re6 Kg8 55. Ne4 Kf7 56. Rc6 Bf8 57. Ng3 Ra5 58. Ne4 Ra3 59. Nd2 Ra2 60. Nc4 Rh2 61. Ne5+ Kg8 62. Rc8 Kg7 63. Rc7+ Kg8 64. Nd7 Bg7 65. Nb6 Rxh3+ 66. Ke4 Rg3 67. Nc4 Rxg4+ 68. Kf5 Rg1 69. Kg6 Bf8 70. Ne5 Rd1 71. Ng4 Rd6+ 72. Nf6+ Rxf6+ 73. Kxf6 g4 74. Rc4 h5 75. Kg5 g3 76. Kxh5 Bd6 77. Kg6 Kf8 78. Kf5 Ke7 79. Rg4 1-0

[Event "Titled Tuesday intern op 01st Apr Late"]
[Site "Chess.com INT"]
[Date "2025.04.01"]
[Round "1"]
[White "Rustamov, Rustam"]
[Black "Ermolaev, Evgeny"]
[Result "1-0"]
[WhiteElo "2301"]
[BlackElo "2282"]
[PlyCount "44"]
[EventDate "2025.04.01"]
[EventType "swiss (blitz)"]
[EventRounds "11"]
[EventCountry "USA"]
[SourceTitle "CB21_2025"]
[SourceDate "2025.05.21"]
[SourceVersion "1"]
[SourceVersionDate "2025.05.21"]
[SourceQuality "1"]

1. e4 c5 2. Nf3 a6 3. c3 d5 4. exd5 Qxd5 5. d4 e6 6. Be3 cxd4 7. cxd4 Nf6 8. Nc3 Qd6 9. Bd3 Be7 10. 0-0 Nc6 11. Qe2 0-0 12. Rfd1 b5 13. Ne4 Nxe4 14. Bxe4 Bb7 15. d5 exd5 16. Bxd5 Qg6 17. Ne5 Nxe5 18. Bxb7 Rad8 19. Bf4 f6 20. Bxa6 Nd3 21. Bg3 Bd6 22. Qxd3 Bxg3 1-0

[Event "Titled Tuesday intern op 01st Apr Late"]
[Site "Chess.com INT"]
[Date "2025.04.01"]
[Round "7"]
[White "Rustamov, Rustam"]
[Black "Makarian, Rudik"]
[Result "1-0"]
[WhiteElo "2301"]
[BlackElo "2543"]
[PlyCount "103"]
[EventDate "2025.04.01"]
[EventType "swiss (blitz)"]
[EventRounds "11"]
[EventCountry "USA"]
[SourceTitle "CB21_2025"]
[SourceDate "2025.05.21"]
[SourceVersion "1"]
[SourceVersionDate "2025.05.21"]
[SourceQuality "1"]

1. e4 e5 2. Nf3 Nc6 3. Bb5 a6 4. Ba4 Nf6 5. 0-0 b5 6. Bb3 Be7 7. d4 d6 8. a4 Bb7 9. c3 0-0 10. Re1 h6 11. h3 Re8 12. Qd3 exd4 13. cxd4 Nb4 14. Qc3 c5 15. d5 Nd7 16. Bf4 Bf6 17. Qd2 Qb6 18. Na3 Re7 19. Nc2 Nxc2 20. Bxc2 Rae8 21. axb5 axb5 22. Qa5 Qxa5 23. Rxa5 Bxd5 24. Bxd6 Re6 25. exd5 Rxe1+ 26. Nxe1 Rxe1+ 27. Kh2 Be5+ 28. Bxe5 Rxe5 29. d6 Rd5 30. Rxb5 Rxd6 31. Bf5 g6 32. Bg4 Nf6 33. Bf3 Rd2 34. b3 Rxf2 35. Rxc5 Rb2 36. Rb5 Kg7 37. b4 h5 38. h4 Nd7 39. Rd5 Nf6 40. Rb5 Nd7 41. Bc6 Nf8 42. Rb7 Ne6 43. Bd5 Kf6 44. b5 Nf4 45. Rxf7+ Ke5 46. Bc6 Nxg2 47. Bxg2 Rxb5 48. Rf1 Rb4 49. Kh3 Rf4 50. Ra1 Kf6 51. Ra6+ Kg7 52. Bd5 1-0

[Event "Titled Tuesday intern op 01st Apr Late"]
[Site "Chess.com INT"]
[Date "2025.04.01"]
[Round "10"]
[White "Rustamov, Rustam"]
[Black "Svane, Rasmus"]
[Result "0-1"]
[WhiteElo "2301"]
[BlackElo "2625"]
[PlyCount "180"]
[EventDate "2025.04.01"]
[EventType "swiss (blitz)"]
[EventRounds "11"]
[EventCountry "USA"]
[SourceTitle "CB15_2025"]
[SourceDate "2025.04.09"]
[SourceVersion "1"]
[SourceVersionDate "2025.04.09"]
[SourceQuality "1"]

1. e4 c6 2. d4 d5 3. Nc3 dxe4 4. Nxe4 Nf6 5. Ng5 h6 6. N5f3 Bf5 7. Bd3 e6 8. Ne2 Bd6 9. 0-0 Bxd3 10. Qxd3 0-0 11. Ng3 Nbd7 12. c4 Qc7 13. Be3 Rad8 14. Qc2 Rfe8 15. Rad1 a6 16. a3 b5 17. Rc1 Qb7 18. Ne4 Nxe4 19. Qxe4 bxc4 20. Rxc4 Qxb2 21. Qxc6 Nb8 22. Qe4 Qxa3 23. Qg4 Kf8 24. Ne5 Nd7 25. Qh5 Bxe5 26. dxe5 Qd3 27. Rf4 Re7 28. Rd1 Qc2 29. Rfd4 Qf5 30. Qxf5 exf5 31. Rd5 Ke8 32. f4 Ra8 33. Ra1 f6 34. Bd4 fxe5 35. fxe5 Nf8 36. Rd6 Rd7 37. Re1 a5 38. Bc5 a4 39. Ra1 Rxd6 40. exd6 Ne6 41. Ba3 Kd7 42. Rb1 Ra7 43. Rb5 g6 44. h4 Nd4 45. Re5 Kc6 46. Re8 Nb5 47. Bb4 a3 48. d7 Kxd7 49. Re7+ Kc6 50. Re6+ Kd5 51. Rb6 Kc4 52. Bxa3 Rxa3 53. Rxg6 h5 54. Rg5 Nd4 55. Rxh5 Kd3 56. Rh8 Ke4 57. h5 Ke5 58. Kh2 Ne6 59. h6 Ra7 60. Kh3 Kf6 61. Kh4 Kg6 62. Re8 Ra6 63. Rh8 Ra4+ 64. Kh3 Re4 65. g3 Ng5+ 66. Kg2 Nh7 67. Ra8 Kxh6 68. Ra6+ Kg5 69. Rc6 Nf6 70. Rc8 Rb4 71. Kf3 Rb3+ 72. Kg2 Ne4 73. Rg8+ Kf6 74. Rf8+ Kg6 75. g4 fxg4 76. Rf4 Nf6 77. Ra4 Kg5 78. Ra5+ Kg6 79. Rc5 Rd3 80. Ra5 Rd5 81. Ra4 Kg5 82. Ra3 Nh5 83. Ra4 Kh4 84. Rb4 Rd2+ 85. Kg1 Kh3 86. Rb1 Nf4 87. Kh1 g3 88. Re1 Rh2+ 89. Kg1 Ne2+ 90. Kf1 Rf2# 0-1

[Event "Titled Tuesday intern op 11th Mar Late"]
[Site "Chess.com INT"]
[Date "2025.03.11"]
[Round "1"]
[White "Rustamov, Rustam"]
[Black "Gibala, Adam"]
[Result "1-0"]
[WhiteElo "2301"]
[BlackElo "2196"]
[PlyCount "81"]
[EventDate "2025.03.11"]
[EventType "swiss (blitz)"]
[EventRounds "11"]
[EventCountry "USA"]
[SourceTitle "CB12_2025"]
[SourceDate "2025.03.19"]
[SourceVersion "1"]
[SourceVersionDate "2025.03.19"]
[SourceQuality "1"]

1. e4 d6 2. d4 Nf6 3. Nc3 Nbd7 4. Nf3 e5 5. Bc4 exd4 6. Nxd4 g6 7. 0-0 Bg7 8. Re1 0-0 9. Bg5 c6 10. Nf3 Qc7 11. a4 Ne5 12. Nxe5 dxe5 13. a5 h6 14. Bh4 Re8 15. Bg3 Nh5 16. Be2 Nf4 17. Bxf4 exf4 18. Bd3 Be5 19. Qf3 Be6 20. g3 h5 21. Qg2 Rad8 22. Ne2 Bg4 23. f3 Bc8 24. gxf4 Bxf4 25. Nxf4 Qxf4 26. Qg3 Qf6 27. e5 Qg7 28. f4 Be6 29. Rad1 Rd5 30. a6 b5 31. Be4 Rxd1 32. Rxd1 c5 33. Rd6 Rb8 34. Bxg6 Qxg6 35. Qxg6+ fxg6 36. Rxe6 Kf7 37. Rc6 c4 38. Kf2 b4 39. Rxc4 Ke6 40. Rc7 Kf5 41. Kf3 1-0

[Event "Titled Tuesday intern op 11th Mar Late"]
[Site "Chess.com INT"]
[Date "2025.03.11"]
[Round "10"]
[White "Rustamov, Rustam"]
[Black "Nepomniachtchi, Ian"]
[Result "0-1"]
[WhiteElo "2301"]
[BlackElo "2753"]
[PlyCount "68"]
[EventDate "2025.03.11"]
[EventType "swiss (blitz)"]
[EventRounds "11"]
[EventCountry "USA"]
[SourceTitle "CB12_2025"]
[SourceDate "2025.03.19"]
[SourceVersion "1"]
[SourceVersionDate "2025.03.19"]
[SourceQuality "1"]

1. e4 b6 2. d4 Bb7 3. Nc3 e6 4. Bd3 Bb4 5. Nf3 Nf6 6. e5 Ne4 7. Bd2 Nxd2 8. Qxd2 Bxf3 9. gxf3 Qh4 10. f4 Nc6 11. Be4 0-0 12. Qe3 Rad8 13. Bxc6 dxc6 14. 0-0-0 c5 15. Qg3 Qh6 16. Ne4 cxd4 17. h4 Be7 18. h5 f6 19. Kb1 fxe5 20. fxe5 Qf4 21. Nf6+ Rxf6 22. exf6 Qxg3 23. fxg3 gxf6 24. c3 c5 25. cxd4 cxd4 26. Kc2 Kf7 27. Kd3 f5 28. Rc1 Bd6 29. Rhg1 e5 30. g4 e4+ 31. Kc4 d3 32. gxf5 Bc5 33. Rg3 Bf2 34. Rg2 Rc8+ 0-1

[Event "Titled Tuesday intern op 11th Mar Early"]
[Site "Chess.com INT"]
[Date "2025.03.11"]
[Round "2"]
[White "Rustamov, Rustam"]
[Black "Ozates, Tuna"]
[Result "1-0"]
[WhiteElo "2301"]
[BlackElo "2225"]
[PlyCount "79"]
[EventDate "2025.03.11"]
[EventType "swiss (blitz)"]
[EventRounds "11"]
[EventCountry "USA"]
[SourceTitle "CB12_2025"]
[SourceDate "2025.03.19"]
[SourceVersion "1"]
[SourceVersionDate "2025.03.19"]
[SourceQuality "1"]

1. e4 e5 2. Nf3 Nf6 3. Nxe5 d6 4. Nf3 Nxe4 5. d4 d5 6. Bd3 Bd6 7. 0-0 0-0 8. c4 c6 9. Qc2 f5 10. Nc3 Be6 11. Qb3 dxc4 12. Bxc4 Bxc4 13. Qxc4+ Kh8 14. Re1 Nd7 15. Nxe4 fxe4 16. Rxe4 Nf6 17. Bg5 Nxe4 18. Bxd8 Raxd8 19. Re1 Nf6 20. Ng5 Rd7 21. h3 h6 22. Nf3 Nd5 23. Ne5 Bxe5 24. dxe5 Re7 25. g3 g5 26. h4 Kg7 27. hxg5 hxg5 28. Qg4 Kg6 29. Qe4+ Kg7 30. e6 Rf6 31. Qg4 Rg6 32. Re5 Nf6 33. Qd4 g4 34. b4 Kf8 35. Qxa7 Nd5 36. Qb8+ Kg7 37. Qd6 Kf8 38. Rf5+ Kg7 39. Rxd5 Rgxe6 40. Rg5+ 1-0

[Event "Titled Tuesday intern op 11th Mar Early"]
[Site "Chess.com INT"]
[Date "2025.03.11"]
[Round "5"]
[White "Rustamov, Rustam"]
[Black "Sariego Figueredo, Wilfredo"]
[Result "1-0"]
[WhiteElo "2301"]
[BlackElo "2318"]
[PlyCount "83"]
[EventDate "2025.03.11"]
[EventType "swiss (blitz)"]
[EventRounds "11"]
[EventCountry "USA"]
[SourceTitle "CB12_2025"]
[SourceDate "2025.03.19"]
[SourceVersion "1"]
[SourceVersionDate "2025.03.19"]
[SourceQuality "1"]

1. e4 c5 2. Nf3 d6 3. d4 cxd4 4. Nxd4 Nf6 5. Nc3 g6 6. f3 Nc6 7. Be3 h5 8. Bc4 Bd7 9. Qd2 Nxd4 10. Bxd4 Bh6 11. Qe2 Rc8 12. Nd5 Bc6 13. Nxf6+ exf6 14. 0-0 a6 15. Rfd1 Qe7 16. Qd3 h4 17. Bf2 Bf4 18. Be3 g5 19. Bxf4 gxf4 20. Qxd6 Qxd6 21. Rxd6 Bxe4 22. b3 b5 23. Bf1 Rc6 24. Rd4 Bxc2 25. Rc1 0-0 26. Rxf4 Rd8 27. Rg4+ Kf8 28. Rxh4 Rd2 29. a4 bxa4 30. bxa4 Bxa4 31. Rxc6 Bxc6 32. Bxa6 Ke7 33. h3 f5 34. Rf4 Bd7 35. h4 Kf6 36. Rb4 Ke5 37. h5 Rd6 38. Bc4 Be6 39. Bxe6 fxe6 40. Rb7 Kf6 41. f4 Rd8 42. Rh7 1-0

[Event "Titled Tuesday intern op 11th Mar Late"]
[Site "Chess.com INT"]
[Date "2025.03.11"]
[Round "6"]
[White "Sargsyan, Shant"]
[Black "Rustamov, Rustam"]
[Result "0-1"]
[WhiteElo "2666"]
[BlackElo "2301"]
[PlyCount "80"]
[EventDate "2025.03.11"]
[EventType "swiss (blitz)"]
[EventRounds "11"]
[EventCountry "USA"]
[SourceTitle "CB12_2025"]
[SourceDate "2025.03.19"]
[SourceVersion "1"]
[SourceVersionDate "2025.03.19"]
[SourceQuality "1"]

1. g3 d5 2. Nf3 c5 3. Bg2 Nc6 4. d4 cxd4 5. Nxd4 Nf6 6. 0-0 e6 7. c4 Be7 8. cxd5 exd5 9. Nc3 0-0 10. Bf4 a6 11. Rc1 Be6 12. Nxc6 bxc6 13. Na4 Rc8 14. Qd4 Qa5 15. b3 c5 16. Qd2 Qxd2 17. Bxd2 c4 18. Rfd1 cxb3 19. axb3 d4 20. Rb1 Rb8 21. b4 Nd5 22. Nc5 Bxc5 23. bxc5 Nc3 24. Bxc3 dxc3 25. Rbc1 c2 26. Rd2 Bb3 27. c6 f5 28. Rd3 Ba4 29. Bd5+ Kh8 30. Ba2 Bxc6 31. f3 Ba4 32. Kf2 Rb2 33. Ra3 Bb5 34. Bb3 Re8 35. e3 Rd8 36. e4 Rd2+ 37. Ke1 Rxh2 38. Ba2 Re2+ 39. Kf1 Re3+ 40. Bc4 Bxc4+ 0-1

[Event "Titled Tuesday intern op 04th Mar Early"]
[Site "Chess.com INT"]
[Date "2025.03.04"]
[Round "5"]
[White "Rustamov, Rustam"]
[Black "Erigaisi, Arjun Kumar"]
[Result "1/2-1/2"]
[WhiteElo "2301"]
[BlackElo "2777"]
[PlyCount "103"]
[EventDate "2025.03.04"]
[EventType "swiss (blitz)"]
[EventRounds "11"]
[EventCountry "USA"]
[SourceTitle "CB11_2025"]
[SourceDate "2025.03.12"]
[SourceVersion "1"]
[SourceVersionDate "2025.03.12"]
[SourceQuality "1"]

1. e4 e6 2. d4 d5 3. Nd2 Nf6 4. e5 Nfd7 5. c3 c5 6. Bd3 Nc6 7. Ne2 cxd4 8. cxd4 f6 9. exf6 Nxf6 10. 0-0 Bd6 11. Nf3 0-0 12. Bf4 Bxf4 13. Nxf4 Ng4 14. Nh5 e5 15. dxe5 Ncxe5 16. Nxe5 Nxe5 17. Ng3 Qh4 18. Bf5 d4 19. Qe2 Bxf5 20. Qxe5 Bg6 21. f4 Rad8 22. f5 Rfe8 23. Qf4 Qxf4 24. Rxf4 Bf7 25. Rd1 d3 26. b3 Re5 27. Rd2 Rc5 28. Nf1 Kf8 29. Rf3 Rc3 30. Re3 a5 31. h3 b5 32. Re5 Rd5 33. Rxd5 Bxd5 34. Kf2 a4 35. bxa4 bxa4 36. Ke3 Rc2 37. g4 Bxa2 38. Kxd3 Rc1 39. Rxa2 Rxf1 40. Rxa4 Rf3+ 41. Ke4 Rxh3 42. Ra8+ Kf7 43. g5 Rh1 44. Ra7+ Kf8 45. Ra8+ Kf7 46. Ra7+ Kf8 47. g6 Re1+ 48. Kf4 Rf1+ 49. Ke5 Re1+ 50. Kf4 Rf1+ 51. Ke4 Re1+ 52. Kf4 1/2-1/2

[Event "Titled Tuesday intern op 04th Mar Early"]
[Site "Chess.com INT"]
[Date "2025.03.04"]
[Round "2"]
[White "Rustamov, Rustam"]
[Black "Slaby, Jerzy"]
[Result "1/2-1/2"]
[WhiteElo "2301"]
[BlackElo "2464"]
[PlyCount "117"]
[EventDate "2025.03.04"]
[EventType "swiss (blitz)"]
[EventRounds "11"]
[EventCountry "USA"]
[SourceTitle "CB11_2025"]
[SourceDate "2025.03.12"]
[SourceVersion "1"]
[SourceVersionDate "2025.03.12"]
[SourceQuality "1"]

1. e4 c6 2. d4 d5 3. Nc3 a6 4. Nf3 Bg4 5. Be2 e6 6. 0-0 Nf6 7. Ne5 Bxe2 8. Qxe2 Be7 9. Rd1 0-0 10. Bf4 Bb4 11. Bg5 h6 12. Bxf6 Qxf6 13. Na4 Qd8 14. c3 Bd6 15. b4 Bxe5 16. dxe5 Nd7 17. f4 b5 18. Nb2 Qc7 19. Nd3 a5 20. a3 axb4 21. axb4 Ra4 22. Nb2 Rxa1 23. Rxa1 Nb6 24. Nd3 Na4 25. Rc1 Rd8 26. Nf2 Qb6 27. Kh1 d4 28. c4 bxc4 29. Qxc4 d3 30. Nxd3 Qe3 31. Nc5 Nxc5 32. Qxc5 Qxf4 33. Qxc6 Rd2 34. b5 Qxe5 35. Rg1 Rb2 36. b6 Qb5 37. Qc8+ Kh7 38. Qc7 f6 39. e5 Qxe5 40. Qc6 Qd5 41. Qc7 Qb5 42. h3 Qxb6 43. Qc3 f5 44. Qe5 Rb1 45. Rxb1 Qxb1+ 46. Kh2 Qe4 47. Qb8 Qd5 48. Qe8 f4 49. h4 Qf5 50. h5 Qf6 51. Kg1 Qf5 52. Kf2 e5 53. Kf3 e4+ 54. Qxe4 Qxe4+ 55. Kxe4 g5 56. hxg6+ Kxg6 57. Kxf4 h5 58. g4 hxg4 59. Kxg4 1/2-1/2

[Event "Titled Tuesday intern op 25th Feb Early"]
[Site "Chess.com INT"]
[Date "2025.02.25"]
[Round "6"]
[White "Campos Gomez, Manuel"]
[Black "Rustamov, Rustam"]
[Result "0-1"]
[WhiteElo "2323"]
[BlackElo "2301"]
[PlyCount "124"]
[EventDate "2025.02.25"]
[EventType "swiss (blitz)"]
[EventRounds "11"]
[EventCountry "USA"]
[SourceTitle "CB10_2025"]
[SourceDate "2025.03.05"]
[SourceVersion "1"]
[SourceVersionDate "2025.03.05"]
[SourceQuality "1"]

1. e4 c5 2. Nf3 d6 3. d4 cxd4 4. Nxd4 e5 5. Nb5 Nf6 6. Bd3 a6 7. N5c3 Nbd7 8. Bg5 Be7 9. Nd2 b5 10. a3 Bb7 11. 0-0 h6 12. Be3 Rc8 13. f3 Nb6 14. Qe2 0-0 15. Qf2 Nbd7 16. Nb3 Qc7 17. Rad1 Nc5 18. Be2 Ne6 19. g3 Bc6 20. Rd2 Qb8 21. Rfd1 Qa8 22. Na5 Bd7 23. Kg2 Bd8 24. Nb3 Be7 25. Na5 Bd8 26. Nb3 Bc7 27. Nd5 Nxd5 28. exd5 Ng5 29. h4 Nh7 30. Bb6 Bb8 31. Kh2 f5 32. Rc1 Bc7 33. Bxc7 Rxc7 34. Qb6 Qd8 35. Qxd6 f4 36. Qxe5 Rf5 37. Qd6 Rf6 38. Qe5 Rf5 39. Qd6 Nf8 40. Rd4 Rf6 41. Qb4 Ng6 42. d6 Rc8 43. g4 Rf7 44. Qe1 Nxh4 45. Re4 Ng6 46. Nd4 Rc5 47. Bd3 h5 48. Re2 Nh4 49. g5 Qxg5 50. Qg1 Qxg1+ 51. Kxg1 Rd5 52. c3 g5 53. Kf2 g4 54. fxg4 hxg4 55. Rg1 g3+ 56. Ke1 Rxd4 57. cxd4 Nf3+ 58. Kf1 Nxg1 59. Kxg1 f3 60. Re7 Bh3 61. Rxf7 Kxf7 62. d7 Ke7 0-1

[Event "Titled Tuesday intern op 25th Feb Early"]
[Site "Chess.com INT"]
[Date "2025.02.25"]
[Round "4"]
[White "Kashtanov, Ruslan"]
[Black "Rustamov, Rustam"]
[Result "0-1"]
[WhiteElo "2357"]
[BlackElo "2301"]
[PlyCount "186"]
[EventDate "2025.02.25"]
[EventType "swiss (blitz)"]
[EventRounds "11"]
[EventCountry "USA"]
[SourceTitle "CB10_2025"]
[SourceDate "2025.03.05"]
[SourceVersion "1"]
[SourceVersionDate "2025.03.05"]
[SourceQuality "1"]

1. c4 Nf6 2. Nc3 e5 3. Nf3 Nc6 4. g3 d5 5. cxd5 Nxd5 6. Bg2 Nxc3 7. bxc3 Bd6 8. 0-0 0-0 9. d4 Qe7 10. Rb1 Rd8 11. Qc2 h6 12. e3 Rb8 13. c4 Bg4 14. c5 exd4 15. cxd6 Qxd6 16. Nxd4 Nxd4 17. exd4 Qxd4 18. Qxc7 Be6 19. Be3 Qa4 20. Rxb7 Rbc8 21. Qf4 Rc4 22. Qe5 a5 23. Rb8 Rxb8 24. Qxb8+ Rc8 25. Qe5 Qxa2 26. Bd4 f6 27. Qd6 Bf7 28. h4 a4 29. Bc5 Qc2 30. Ba3 Qb3 31. Be4 Re8 32. Bf5 Qf3 33. Bd7 Bd5 34. Qxd5+ Qxd5 35. Bxe8 Qe6 36. Bxa4 Qa2 37. Bc6 Qxa3 38. Be4 Kf8 39. Rd1 Qa4 40. Rc1 Qxe4 41. Rc8+ Kf7 42. Rc7+ Kg8 43. Rc8+ Kh7 44. Rc7 h5 45. Rc3 f5 46. Re3 Qg4 47. Rd3 f4 48. Rd4 Qe2 49. Rxf4 g6 50. Kg2 Kg7 51. Kg1 Qe1+ 52. Kg2 Kg8 53. Kh2 Qf1 54. Rf6 Kg7 55. Rf4 Kh6 56. Rf3 Qe2 57. Rf4 Qe5 58. Rf3 Qd5 59. Rf4 Qc6 60. Rf7 Qd5 61. Rf4 Kg7 62. Kg1 g5 63. hxg5 Kg6 64. Kh2 Kxg5 65. Kg1 Qd1+ 66. Kg2 Qe1 67. Rh4 Qc1 68. Rf4 Qc6+ 69. Kg1 Qd5 70. Rh4 Qd2 71. Kg2 Qe2 72. Rf4 Qe8 73. Kg1 Qa8 74. Rh4 Qa1+ 75. Kg2 Qd1 76. Rf4 Qe1 77. Rh4 Kf5 78. Rf4+ Ke5 79. Rh4 Qe2 80. Rf4 Kd5 81. Kg1 Qe1+ 82. Kg2 Ke5 83. Kh2 h4 84. Rxh4 Qxf2+ 85. Kh3 Qg1 86. Rf4 Qh1+ 87. Kg4 Qh2 88. Rf5+ Ke4 89. Rf4+ Ke3 90. Rf3+ Ke2 91. Rf4 Qh6 92. Re4+ Kf2 93. Rf4+ Kg2 0-1

[Event "Titled Tuesday intern op 25th Feb Early"]
[Site "Chess.com INT"]
[Date "2025.02.25"]
[Round "1"]
[White "Rustamov, Rustam"]
[Black "Mogirzan, Matei Valeriu"]
[Result "1-0"]
[WhiteElo "2301"]
[BlackElo "2086"]
[PlyCount "131"]
[EventDate "2025.02.25"]
[EventType "swiss (blitz)"]
[EventRounds "11"]
[EventCountry "USA"]
[SourceTitle "CB10_2025"]
[SourceDate "2025.03.05"]
[SourceVersion "1"]
[SourceVersionDate "2025.03.05"]
[SourceQuality "1"]

1. e4 c6 2. d4 d5 3. Nc3 dxe4 4. Nxe4 Nf6 5. Ng5 h6 6. N5f3 Bf5 7. Bd3 Bxd3 8. Qxd3 Nbd7 9. Ne2 e6 10. 0-0 Be7 11. b3 0-0 12. Bb2 Qc7 13. c4 Rad8 14. Qc2 c5 15. Rad1 cxd4 16. Nexd4 a6 17. Qe2 Nc5 18. Rfe1 Rd7 19. Ne5 Rdd8 20. Ba1 Nce4 21. Ng4 Bb4 22. Nxf6+ Nxf6 23. Rf1 Qf4 24. Nc2 Be7 25. g3 Qe4 26. Qxe4 Nxe4 27. Rfe1 Rxd1 28. Rxd1 Rd8 29. Rxd8+ Bxd8 30. f3 Bb6+ 31. Kf1 Nd6 32. Ke2 Nf5 33. g4 Ne7 34. b4 Ng6 35. Bd4 Bc7 36. Bg1 Nf4+ 37. Kf1 Nd3 38. h4 Ne5 39. Bh2 f6 40. Nd4 Bb6 41. Bxe5 fxe5 42. Nb3 Bd8 43. h5 Be7 44. a3 b6 45. Ke2 Kf7 46. Kd3 g6 47. hxg6+ Kxg6 48. Ke4 Bd6 49. c5 bxc5 50. Nxc5 a5 51. Nd3 axb4 52. axb4 Kf6 53. b5 Bc7 54. Nc5 Bd6 55. Nd7+ Kg5 56. Nxe5 Bc5 57. Nf7+ Kg6 58. Nd8 Kf6 59. Nc6 Bb6 60. Ne5 Kg5 61. Nc4 Bc5 62. b6 h5 63. gxh5 Kxh5 64. b7 Ba7 65. Ne5 Kg5 66. Nc6 1-0